লোডিং...

Experimantal foundations of general psychology

গ্রন্থ-পঞ্জীর বিবরন
প্রধান লেখক: Valentine, Willard L.
অন্যান্য লেখক: Wickens, Delos D.
ভাষা:English
প্রকাশিত: 1949
সংস্করন:3rd ed.
LEADER 00560nam a22001697a 4500
005 20151215125116.0
008 091028t xxu||||| |||| 00| 0 eng d
082 |a SM  |b H9 
100 |a Valentine, Willard L.  |9 5763 
245 |a Experimantal foundations of general psychology 
250 |a 3rd ed. 
700 |a Wickens, Delos D.  |9 5762 
942 |c BK  |6 _ 
260 |c 1949 
500 |a lost and paidb.k. no. 904 R.no. 40394 dt. 26/8/82 
999 |c 97405  |d 97405 
952 |0 0  |1 3  |2 ddc  |4 0  |6 SM_H9  |7 0  |9 122783  |a SMS  |b SMS  |c GEN  |d 2009-10-28  |o SM H9  |p SMS002410  |r 2009-10-28  |w 2009-10-28  |y WR